MARC details
| 000 -LEADER |
| fixed length control field |
02407cam a22003495a 4500 |
| 001 - CONTROL NUMBER |
| control field |
13951990 |
| 005 - DATE AND TIME OF LATEST TRANSACTION |
| control field |
20171107152826.0 |
| 008 - FIXED-LENGTH DATA ELEMENTS--GENERAL INFORMATION |
| fixed length control field |
050504t2005 enka frb 001 0 eng d |
| 010 ## - LIBRARY OF CONGRESS CONTROL NUMBER |
| LC control number |
2005274816 |
| 015 ## - NATIONAL BIBLIOGRAPHY NUMBER |
| National bibliography number |
GBA455443 |
| Source |
bnb |
| 016 7# - NATIONAL BIBLIOGRAPHIC AGENCY CONTROL NUMBER |
| Record control number |
012959682 |
| Source |
Uk |
| 020 ## - INTERNATIONAL STANDARD BOOK NUMBER |
| International Standard Book Number |
1852337907 (hbk. : alk. paper) |
| 035 ## - SYSTEM CONTROL NUMBER |
| System control number |
(OCoLC)ocm56646929 |
| 040 ## - CATALOGING SOURCE |
| Original cataloging agency |
UKM |
| Language of cataloging |
eng |
| Transcribing agency |
UKM |
| Modifying agency |
OHX |
| -- |
C#P |
| -- |
SYB |
| -- |
DLC |
| -- |
EG-ScBUE |
| 082 04 - DEWEY DECIMAL CLASSIFICATION NUMBER |
| Classification number |
005.276 |
| Item number |
VIS |
| Edition number |
22 |
| 245 00 - TITLE STATEMENT |
| Title |
Visualizing information using SVG and X3D : |
| Remainder of title |
XML-based technologies for the XML-based Web / |
| Statement of responsibility, etc |
[editors] Vladimir Geroimenko and Chaomei Chen. |
| 260 ## - PUBLICATION, DISTRIBUTION, ETC. (IMPRINT) |
| Place of publication, distribution, etc |
London : |
| Name of publisher, distributor, etc |
Springer-Verlag, |
| Date of publication, distribution, etc |
c.2005. |
| 300 ## - PHYSICAL DESCRIPTION |
| Extent |
xiv, 298 p. : |
| Other physical details |
ill. (chiefly col.) ; |
| Dimensions |
25 cm. |
| 504 ## - BIBLIOGRAPHY, ETC. NOTE |
| Bibliography, etc |
Includes bibliographical references and index. |
| 505 00 - FORMATTED CONTENTS NOTE |
| Miscellaneous information |
PART 1: USING SVG AND X3D IN GENERIC WEB APPLICATIONS -- |
| Title |
SVG and X3D in the context of the XML family and the semantic web / |
| Statement of responsibility |
Vladimir Geroimenko -- |
| Title |
The foundations of SVG / |
| Statement of responsibility |
Kurt Cagle -- |
| Title |
X3D fundamentals / |
| Statement of responsibility |
Don Brutzman ... [et al.] -- |
| Title |
SVG as the visual interface to web services / |
| Statement of responsibility |
Shane Aulenback -- |
| Title |
X3D graphics, Java and the semantic web / |
| Statement of responsibility |
James Harney ... [et al.] -- |
| Title |
Distributed user interfaces: toward SVG 1.2 / |
| Statement of responsibility |
Kurt Cagle -- |
| Title |
Publishing paradigms for X3D / |
| Statement of responsibility |
Nicholas F. Polys -- |
| Miscellaneous information |
PART 2: APPLYING SVG AND X3D TO SPECIFIC PROBLEMS -- |
| Title |
Visualizing complex networks / |
| Statement of responsibility |
Chaomei Chen, |
| -- |
Natasha Lobo -- |
| Title |
Applying SVG to visualization of chemical structures and reactions / |
| Statement of responsibility |
John Leaver -- |
| Title |
Using metadata-based SVG and X3D graphics in interactive TV / |
| Statement of responsibility |
Artur Lugmayr, |
| -- |
Seppo Kalli -- |
| Title |
Knowledge visualization using dynamic SVG charts / |
| Statement of responsibility |
Nikolas A. Rathert -- |
| Title |
Using SVG and XSLT to display visually geo-referenced XML / |
| Statement of responsibility |
Timothy Adams -- |
| Title |
Using Adobe Illustrator to create complex SVG illustrations / |
| Statement of responsibility |
Sara Porter -- |
| Title |
X3D-edit authoring tool for Extensible 3D (X3D) graphics / |
| Statement of responsibility |
Don Brutzman -- |
| Miscellaneous information |
Concluding remarks / |
| Statement of responsibility |
Vladimir Geroimenko, |
| -- |
Chaomei Chen. |
| 541 ## - IMMEDIATE SOURCE OF ACQUISITION NOTE |
| Source of acquisition |
Donation from Vladimir Geroimenko. |
| 650 #7 - SUBJECT ADDED ENTRY--TOPICAL TERM |
| Topical term or geographic name as entry element |
Computer graphics. |
| Source of heading or term |
BUEsh |
| 650 #7 - SUBJECT ADDED ENTRY--TOPICAL TERM |
| Topical term or geographic name as entry element |
SVG (Document markup language) |
| Source of heading or term |
BUEsh |
| 650 #7 - SUBJECT ADDED ENTRY--TOPICAL TERM |
| Topical term or geographic name as entry element |
XML (Document markup language) |
| Source of heading or term |
BUEsh |
| 650 #7 - SUBJECT ADDED ENTRY--TOPICAL TERM |
| Topical term or geographic name as entry element |
Semantic Web. |
| Source of heading or term |
BUEsh |
| 650 #7 - SUBJECT ADDED ENTRY--TOPICAL TERM |
| Topical term or geographic name as entry element |
Information visualization. |
| Source of heading or term |
BUEsh |
| 651 ## - SUBJECT ADDED ENTRY--GEOGRAPHIC NAME |
| Source of heading or term |
BUEsh |
| 653 ## - INDEX TERM--UNCONTROLLED |
| Resource For college |
Informatics and Computer Science |
| Arrived date list |
November2017 |
| 700 1# - ADDED ENTRY--PERSONAL NAME |
| Personal name |
Geroimenko, Vladimir, |
| Dates associated with a name |
1955-, |
| Relator term |
editor. |
| 700 1# - ADDED ENTRY--PERSONAL NAME |
| Personal name |
Chen, Chaomei, |
| Dates associated with a name |
1960-, |
| Relator term |
editor. |
| 942 ## - ADDED ENTRY ELEMENTS (KOHA) |
| Source of classification or shelving scheme |
Dewey Decimal Classification |